[Event "45th Olympiad 2024"]
[Site "Budapest HUN"]
[Date "2024.09.11"]
[Round "1.36"]
[Board "2"]
[White "Lynch, Kemp"]
[Black "Petrov, Nikita"]
[Result "0-1"]
[BlackTitle "GM"]
[WhiteElo "1944"]
[BlackElo "2574"]
[WhiteTeam "Barbados"]
[BlackTeam "Montenegro"]
[WhiteFideId "11101377"]
[BlackFideId "4101286"]
[EventDate "2024.09.11"]

1. e4 c5 2. Nf3 Nc6 3. d4 cxd4 4. Nxd4 e6 5. Nc3 Qc7 6. g3 a6 7. Bg2 d6 8. O-O
Nf6 9. a4 Be7 10. Nb3 b6 11. Be3 Bb7 12. Qe2 O-O 13. f4 Nb4 14. Kh1 Rac8 15. Bg1
e5 16. fxe5 dxe5 17. Rac1 h6 18. Be3 Qc6 19. Nd2 Qe6 20. Bf3 Na2 21. Nxa2 Qxa2
22. c4 Qxa4 23. Bxb6 Bb4 24. Be3 Rfd8 25. Rfd1 Rd7 26. Bb6 Rxd2 27. Rxd2 Bxd2
28. Qxd2 Bxe4 29. Bxe4 Nxe4 30. Qd5 Nf6 31. Qa5 Rxc4 32. Qxa4 Rxa4 33. Bc5 Ne4
34. Ba3 Rd4 35. Rc8+ Kh7 36. Rc7 Ng5 37. h4 Rd1+ 38. Kg2 Rd2+ 39. Kf1 Ne4 40.
Rxf7 Nxg3+ 41. Ke1 Rd4 42. Ra7 Ra4 43. Kf2 Nf5 44. h5 e4 45. Rf7 e3+ 46. Ke2 Rf4 0-1

[Event "45th Olympiad 2024"]
[Site "Budapest HUN"]
[Date "2024.09.11"]
[Round "1.36"]
[Board "3"]
[White "Djukic, Nikola"]
[Black "Corbin, Philip"]
[Result "1-0"]
[WhiteTitle "GM"]
[BlackTitle "FM"]
[WhiteElo "2515"]
[BlackElo "1916"]
[WhiteTeam "Montenegro"]
[BlackTeam "Barbados"]
[WhiteFideId "922412"]
[BlackFideId "11100036"]
[EventDate "2024.09.11"]

1. e4 e5 2. Nf3 d5 3. exd5 Bd6 4. d4 e4 5. Ne5 Nf6 6. Bb5+ c6 7. dxc6 bxc6 8.
Ba4 O-O 9. Nc3 Ba6 10. Bg5 Qa5 11. Bxf6 gxf6 12. Qg4+ Kh8 13. Qf5 fxe5 14. Qf6+
Kg8 15. Qxd6 exd4 16. Qxd4 Rd8 17. Qe3 Nd7 18. O-O-O Nc5 19. Rxd8+ Rxd8 20. b4
Qxb4 21. Qg5+ Kf8 22. Qxd8+ Kg7 23. Qg5+ Kf8 24. Rd1 Nd3+ 25. Rxd3 exd3 26. Qf6
Bc4 27. Qd8+ Kg7 28. Qd4+ Kg8 29. cxd3 Qa3+ 30. Kd2 Qb2+ 31. Bc2 Bxa2 32. Qxa7
Be6 33. Qa8+ Kg7 34. Qxc6 Qb4 35. Qe4 Qb6 36. d4 f5 37. Qe5+ Kf7 38. Bxf5 Qb2+
39. Bc2 Bb3 40. Qc7+ Kf6 41. Qb6+ 1-0

[Event "45th Olympiad 2024"]
[Site "Budapest HUN"]
[Date "2024.09.11"]
[Round "1.36"]
[Board "4"]
[White "Edwards, Emar"]
[Black "Draskovic, Luka"]
[Result "0-1"]
[BlackTitle "GM"]
[WhiteElo "1898"]
[BlackElo "2497"]
[WhiteTeam "Barbados"]
[BlackTeam "Montenegro"]
[WhiteFideId "11103345"]
[BlackFideId "944335"]
[EventDate "2024.09.11"]

1. d4 Nf6 2. Nc3 d5 3. Bf4 e6 4. Nb5 Na6 5. e3 c6 6. Nc3 Qb6 7. a3 c5 8. Nf3 Bd7
9. Rb1 Rc8 10. Bd3 Be7 11. O-O O-O 12. Ne5 Nb8 13. dxc5 Qxc5 14. Qf3 Nc6 15. Qh3
g6 16. Nxc6 Bxc6 17. Rfd1 a6 18. b4 Qb6 19. Bg5 Qd8 20. Qh4 Re8 21. Ne2 Ba4 22.
Rdc1 Nd7 23. Bxe7 Qxe7 24. Qxe7 Rxe7 25. c4 dxc4 26. Rxc4 Rxc4 27. Bxc4 Ne5 28.
Bb3 Bxb3 29. Rxb3 Rd7 30. h3 Rd1+ 31. Kh2 Rd2 32. Nf4 Rxf2 33. b5 Rd2 34. bxa6
bxa6 35. Rb6 Nc4 36. Rxa6 e5 37. Rc6 Nxe3 38. Nxg6 fxg6 39. Re6 Rxg2+ 40. Kh1
Re2 41. a4 Nc4 42. Rc6 Nd2 43. Rc2 e4 44. a5 e3 45. a6 Re1+ 46. Kg2 Ra1 47. Rc8+
Kg7 48. Re8 Nc4 49. Re4 Ra2+ 50. Kg1 Rxa6 51. Rxc4 Ra1+ 0-1

[Event "45th Olympiad 2024"]
[Site "Budapest HUN"]
[Date "2024.09.11"]
[Round "1.37"]
[Board "1"]
[White "Alrehaili, Ahmed Abdullah S"]
[Black "Cheng, Bobby"]
[Result "1-0"]
[WhiteTitle "FM"]
[BlackTitle "GM"]
[WhiteElo "2117"]
[BlackElo "2588"]
[WhiteTeam "Saudi Arabia"]
[BlackTeam "Australia"]
[WhiteFideId "21518840"]
[BlackFideId "4300033"]
[EventDate "2024.09.11"]

1. e4 c5 2. Nf3 d6 3. d4 cxd4 4. Nxd4 Nf6 5. Nc3 a6 6. Be2 e5 7. Nb3 Be7 8. O-O
O-O 9. Kh1 h6 10. f4 Nc6 11. Qe1 b5 12. a4 bxa4 13. Rxa4 a5 14. Qg3 Kh8 15. Rd1
Bd7 16. fxe5 dxe5 17. Bb5 Bb4 18. Bxc6 Bxc6 19. Rxd8 Raxd8 20. Ra1 Nxe4 21. Qh4
Bxc3 22. Bxh6 gxh6 23. Qxh6+ Kg8 24. Qxc6 Bxb2 25. Qxe4 Bxa1 26. Qg4+ Kh8 27.
Nxa1 f5 28. Qh5+ Kg7 29. Nb3 a4 30. Nc5 Rf6 31. Ne6+ Rxe6 32. Qg5+ Kf7 33. Qxd8
Ra6 34. Qc8 Rd6 35. Qxf5+ Kg8 36. h4 a3 37. Qc8+ Kf7 38. Qf5+ Kg8 39. Qg4+ Kh7
40. Qe4+ 1-0

[Event "45th Olympiad 2024"]
[Site "Budapest HUN"]
[Date "2024.09.11"]
[Round "1.37"]
[Board "2"]
[White "Sardana, Rishi"]
[Black "Al Thebaiti, Ahmed M"]
[Result "1-0"]
[WhiteTitle "IM"]
[BlackTitle "CM"]
[WhiteElo "2477"]
[BlackElo "1993"]
[WhiteTeam "Australia"]
[BlackTeam "Saudi Arabia"]
[WhiteFideId "25004301"]
[BlackFideId "21502390"]
[EventDate "2024.09.11"]

1. e4 e5 2. Nf3 Nc6 3. Bb5 a6 4. Ba4 Nf6 5. O-O b5 6. Bb3 Bc5 7. c3 d6 8. d4 Bb6
9. Be3 O-O 10. Nbd2 h6 11. h3 Re8 12. Re1 Bb7 13. d5 Ne7 14. Bxb6 cxb6 15. Bc2
Ng6 16. Bd3 Nd7 17. b4 Qf6 18. Bf1 Rec8 19. Rc1 Rc7 20. Qb3 Rac8 21. c4 Nf4 22.
Qe3 Qd8 23. Rc3 bxc4 24. Rxc4 b5 25. Rxc7 Qxc7 26. Nb3 Qc3 27. Qa7 Nxh3+ 28.
gxh3 Qxf3 29. Bg2 Qf6 30. Qxb7 Rc2 31. Rf1 Nf8 32. Qb8 g5 33. Na5 Kg7 34. Nb7
Ng6 35. Nxd6 Kh7 36. Ne8 Qf4 37. Qd6 Rc8 38. Nf6+ Kh8 39. Nh5 1-0

[Event "45th Olympiad 2024"]
[Site "Budapest HUN"]
[Date "2024.09.11"]
[Round "1.37"]
[Board "3"]
[White "Alshnaiber, Yazeed"]
[Black "Zhao, Zong-Yuan"]
[Result "0-1"]
[BlackTitle "GM"]
[WhiteElo "1889"]
[BlackElo "2478"]
[WhiteTeam "Saudi Arabia"]
[BlackTeam "Australia"]
[WhiteFideId "21527725"]
[BlackFideId "3202534"]
[EventDate "2024.09.11"]

1. e4 c5 2. Nf3 d6 3. d4 cxd4 4. Nxd4 Nf6 5. Nc3 a6 6. Be2 e5 7. Nb3 Be7 8. O-O
O-O 9. Kh1 h6 10. f4 Nbd7 11. Qe1 b5 12. a4 b4 13. Nd5 Nxd5 14. exd5 a5 15. c4
bxc3 16. bxc3 Bf6 17. Ra2 Re8 18. Qf2 Ba6 19. Bxa6 Rxa6 20. fxe5 Nxe5 21. Nd4
Qa8 22. Nb5 Re7 23. Ba3 Nc4 24. Re2 Rxe2 25. Qxe2 Qxd5 26. Nc7 Qc6 27. Nxa6 Nxa3
28. Re1 Be5 29. Qb2 Qxa4 30. Ra1 Qf4 31. g3 Qf3+ 32. Qg2 Qxc3 33. Qa8+ Kh7 34.
Qe4+ g6 35. Rf1 Kg7 36. Qd5 Bf6 37. Nb8 Qc4 38. Qf3 Bc3 39. Nd7 Nb5 40. Rd1 Qe6
41. Nb6 Be5 42. Nd5 a4 43. Qd3 Nd4 44. Nf4 Qc8 45. Qe4 a3 46. Nd3 Bf6 47. Rf1 a2
48. Nb4 Qc4 0-1

[Event "45th Olympiad 2024"]
[Site "Budapest HUN"]
[Date "2024.09.11"]
[Round "1.37"]
[Board "4"]
[White "Smerdon, David C"]
[Black "Al Abdali, Zeyad Saleh"]
[Result "1-0"]
[WhiteTitle "GM"]
[WhiteElo "2475"]
[BlackElo "1780"]
[WhiteTeam "Australia"]
[BlackTeam "Saudi Arabia"]
[WhiteFideId "3202305"]
[BlackFideId "21501505"]
[EventDate "2024.09.11"]

1. e4 c5 2. c3 Nf6 3. e5 Nd5 4. Nf3 e6 5. d4 cxd4 6. cxd4 d6 7. Bc4 Be7 8. O-O
O-O 9. Qe2 Bd7 10. Nc3 Nxc3 11. bxc3 Bc6 12. exd6 Qxd6 13. a4 Rc8 14. Ne5 Bd5
15. Bd3 Rxc3 16. Bxh7+ Kxh7 17. Qh5+ Kg8 18. Qxf7+ Kh7 19. Bf4 Nc6 20. Nxc6 Qxc6
21. Qxe7 Bxg2 22. Be5 Rg8 23. Qh4+ Kg6 24. Qg4+ Kf7 25. Qxg2 Qa6 26. Rac1 Qc6
27. d5 1-0

[Event "45th Olympiad 2024"]
[Site "Budapest HUN"]
[Date "2024.09.11"]
[Round "1.38"]
[Board "1"]
[White "Pelletier, Yannick"]
[Black "Njoroge, Martin"]
[Result "1-0"]
[WhiteTitle "GM"]
[WhiteElo "2526"]
[BlackElo "1972"]
[WhiteTeam "Switzerland"]
[BlackTeam "Kenya"]
[WhiteFideId "1301837"]
[BlackFideId "10801952"]
[EventDate "2024.09.11"]

1. d4 d5 2. Nf3 e6 3. c4 Nf6 4. Bg5 Be7 5. e3 O-O 6. Nbd2 b6 7. Rc1 Bb7 8. cxd5
exd5 9. Bd3 Nbd7 10. O-O c5 11. b3 Rc8 12. Ne5 Nxe5 13. dxe5 Ne4 14. Bf4 Nxd2
15. Qxd2 c4 16. Bf5 Ra8 17. bxc4 dxc4 18. Qc2 g6 19. Rfd1 Qc7 20. Bd7 Rfd8 21.
e6 Qc5 22. Qxc4 Qxc4 23. Rxc4 fxe6 24. Bc7 Bd5 25. Bxd8 Rxd8 26. Rc7 Bxa2 27.
Rxa7 Bd5 28. e4 Bc4 29. Rc1 Bb3 30. Bxe6+ Bxe6 31. Rxe7 Bc4 32. f3 b5 33. Rb7 h6
34. h4 Rd2 35. Ra1 Kh8 36. Ra8+ Bg8 37. Rbb8 Rxg2+ 38. Kxg2 1-0

[Event "45th Olympiad 2024"]
[Site "Budapest HUN"]
[Date "2024.09.11"]
[Round "1.38"]
[Board "2"]
[White "Oluka Robert Mcligeyo"]
[Black "Peng, Li Min"]
[Result "1/2-1/2"]
[BlackTitle "GM"]
[WhiteElo "1990"]
[BlackElo "2514"]
[WhiteTeam "Kenya"]
[BlackTeam "Switzerland"]
[WhiteFideId "10814647"]
[BlackFideId "14112620"]
[EventDate "2024.09.11"]

1. e4 c5 2. Nf3 d6 3. d4 cxd4 4. Qxd4 Nf6 5. Nc3 Nc6 6. Bb5 Bd7 7. Bxc6 Bxc6 8.
Bg5 e6 9. O-O-O Be7 10. Rhe1 O-O 11. e5 dxe5 12. Nxe5 Qc8 13. h4 Rd8 14. Qf4 Qc7
15. Qc4 Rxd1+ 16. Nxd1 Rc8 17. Nxc6 bxc6 18. Nc3 Qb7 19. Ne4 Nd5 20. Bxe7 Qxe7
21. g3 c5 22. Nc3 Nb6 23. Qe4 c4 24. Qe5 h6 25. Rd1 Qb7 26. g4 Qf3 27. g5 hxg5
28. Qxg5 Qxf2 29. Rg1 g6 30. h5 Rc5 31. Qd8+ Kg7 32. h6+ Kh7 33. Rd1 Qe3+ 34.
Kb1 Nd5 35. Ne4 Qxe4 36. Qf8 Qe5 37. Qxf7+ Kh8 38. Qf8+ Kh7 39. Qf7+ Kh8 1/2-1/2

[Event "45th Olympiad 2024"]
[Site "Budapest HUN"]
[Date "2024.09.11"]
[Round "1.38"]
[Board "3"]
[White "Georgiadis, Nico"]
[Black "Wanasunia, Elvis Likoko"]
[Result "1-0"]
[WhiteTitle "GM"]
[WhiteElo "2510"]
[BlackElo "1942"]
[WhiteTeam "Switzerland"]
[BlackTeam "Kenya"]
[WhiteFideId "1300113"]
[BlackFideId "10815090"]
[EventDate "2024.09.11"]

1. d4 d5 2. c4 e6 3. Nf3 Nf6 4. g3 c5 5. cxd5 exd5 6. Nc3 Nc6 7. Bg2 h6 8. O-O
Be6 9. b3 Rc8 10. Bb2 Be7 11. Rc1 b6 12. dxc5 Bxc5 13. Nb5 O-O 14. a3 Qd7 15.
Bxf6 gxf6 16. b4 Be7 17. Nbd4 Ne5 18. Qd2 Kg7 19. Qe3 Ng4 20. Qf4 f5 21. Bh3 Bd6
22. Qd2 Be7 23. Nxe6+ fxe6 24. Bxg4 fxg4 25. Qd4+ e5 26. Nxe5 Bf6 27. Nxd7 Bxd4
28. Nxf8 1-0

[Event "45th Olympiad 2024"]
[Site "Budapest HUN"]
[Date "2024.09.11"]
[Round "1.38"]
[Board "4"]
[White "Mutuge Ian"]
[Black "Kurmann, Oliver"]
[Result "0-1"]
[BlackTitle "IM"]
[WhiteElo "1938"]
[BlackElo "2421"]
[WhiteTeam "Kenya"]
[BlackTeam "Switzerland"]
[WhiteFideId "10816593"]
[BlackFideId "1308173"]
[EventDate "2024.09.11"]

1. e4 c5 2. Nf3 Nc6 3. Bb5 e6 4. c3 Qb6 5. Bd3 g6 6. O-O Bg7 7. Na3 Nge7 8. Bc2
d5 9. d3 O-O 10. Qe1 h6 11. h3 e5 12. exd5 Nxd5 13. Nc4 Qc7 14. a4 Be6 15. Bd2
Rfe8 16. Qc1 Nf4 17. Bxf4 exf4 18. Re1 Rad8 19. Ncd2 b6 20. Re2 a6 21. Qe1 b5
22. axb5 axb5 23. Bb3 Bd7 24. Ne4 Ne5 25. Nxe5 Rxe5 26. d4 cxd4 27. cxd4 Ree8
28. Rc1 Qb8 29. d5 f3 30. gxf3 Qf4 31. Kg2 Bxh3+ 32. Kxh3 Qxf3+ 33. Ng3 Rxe2 34.
Qxe2 Qxb3 35. d6 Rxd6 36. Rc8+ Kh7 37. Kg2 Qd5+ 38. Kh2 Re6 39. Qc2 Bd4 40. Rc7
Rf6 0-1

[Event "45th Olympiad 2024"]
[Site "Budapest HUN"]
[Date "2024.09.11"]
[Round "1.39"]
[Board "1"]
[White "Thomas, Saah"]
[Black "Fier, Alexandr"]
[Result "0-1"]
[BlackTitle "GM"]
[WhiteElo "1939"]
[BlackElo "2551"]
[WhiteTeam "Liberia"]
[BlackTeam "Brazil"]
[WhiteFideId "22600094"]
[BlackFideId "2107139"]
[EventDate "2024.09.11"]

1. e4 c5 2. Nc3 Nc6 3. f4 g6 4. Nf3 Bg7 5. Bc4 e6 6. O-O Nge7 7. Qe1 O-O 8. e5
d5 9. Be2 a6 10. d3 b5 11. Nd1 Nb4 12. Qd2 d4 13. a3 Nbd5 14. Ng5 Nf5 15. Ne4
Qb6 16. Qe1 h5 17. g4 hxg4 18. Bxg4 Bb7 19. Bxf5 exf5 20. Ng5 f6 21. exf6 Nxf6
22. Qe6+ Qxe6 23. Nxe6 Rfe8 24. Nxc5 Bd5 25. Bd2 Re2 26. Rf2 Rae8 27. h3 Nh5 28.
b3 Bf6 29. c4 dxc3 30. Nxc3 Rxf2 31. Kxf2 Bd4+ 32. Be3 Bxe3+ 33. Ke1 Bxc5+ 34.
Kd1 Bxb3+ 35. Kc1 Bd4 36. Kb2 Ba4 37. Rc1 Nxf4 38. Kb1 Nxd3 39. Nxa4 Nxc1 40.
Kxc1 bxa4 0-1

[Event "45th Olympiad 2024"]
[Site "Budapest HUN"]
[Date "2024.09.11"]
[Round "1.39"]
[Board "2"]
[White "Quintiliano, Renato R."]
[Black "Barcon, Harmon"]
[Result "1-0"]
[WhiteTitle "GM"]
[BlackTitle "FM"]
[WhiteElo "2499"]
[BlackElo "1968"]
[WhiteTeam "Brazil"]
[BlackTeam "Liberia"]
[WhiteFideId "2117568"]
[BlackFideId "22600078"]
[EventDate "2024.09.11"]

1. d4 Nf6 2. c4 e6 3. g3 d5 4. Bg2 Be7 5. Nf3 O-O 6. O-O c6 7. Nbd2 Nbd7 8. Qc2
Re8 9. Rd1 Bf8 10. e4 dxe4 11. Nxe4 Nxe4 12. Qxe4 Nf6 13. Qc2 h6 14. Bf4 Bd6 15.
Ne5 Nh5 16. Be3 Qc7 17. Nd3 Qd8 18. Qe2 Nf6 19. Ne5 Bd7 20. g4 Qc7 21. h4 Red8
22. g5 hxg5 23. hxg5 Nh7 24. Bf4 Be8 25. c5 Bxe5 26. Bxe5 Qe7 27. f4 f6 28. gxf6
gxf6 29. Bd6 Rxd6 30. cxd6 Qxd6 31. Rd3 Bg6 32. Be4 f5 33. Bg2 Rd8 34. Qe5 Kf7
35. Rb3 b6 36. Rc1 Qxd4+ 37. Qxd4 Rxd4 38. Rxc6 Kf6 39. Rc7 Rxf4 40. Rxa7 Rg4
41. Rxb6 Ng5 42. Ra3 f4 43. Kf1 Bf5 44. Rc3 Ne4 45. Rcc6 Nd2+ 46. Kf2 Rg3 47.
Rb4 Ke5 48. Rc5+ Kd6 49. Rxf5 exf5 50. Rd4+ 1-0

[Event "45th Olympiad 2024"]
[Site "Budapest HUN"]
[Date "2024.09.11"]
[Round "1.39"]
[Board "3"]
[White "David Leroy Debblay"]
[Black "Di Berardino, Diego Rafael"]
[Result "0-1"]
[BlackTitle "IM"]
[WhiteElo "1904"]
[BlackElo "2472"]
[WhiteTeam "Liberia"]
[BlackTeam "Brazil"]
[WhiteFideId "22600876"]
[BlackFideId "2105446"]
[EventDate "2024.09.11"]

1. d4 Nf6 2. c4 e6 3. Nf3 Bb4+ 4. Bd2 a5 5. a3 Bxd2+ 6. Qxd2 b6 7. Nc3 Bb7 8. e3
O-O 9. Bd3 d5 10. cxd5 exd5 11. O-O c5 12. Rac1 Nbd7 13. Rfd1 Qe7 14. Qe2 Rfd8
15. Bb5 Qe6 16. Na4 Rac8 17. Rc2 Ne4 18. Bxd7 Rxd7 19. Ne5 Rdc7 20. Rdc1 c4 21.
Nc3 Nd6 22. a4 f6 23. Nf3 Bc6 24. Qd2 Be8 25. Re1 Bh5 26. Ne2 Ne4 27. Qc1 Bxf3
28. gxf3 Ng5 29. Nf4 Nxf3+ 30. Kf1 Qg4 31. Rd1 Nxh2+ 32. Ke1 Nf3+ 33. Kf1 Rd7
34. b3 Re8 35. bxc4 Nh2+ 36. Ke1 Qxf4 37. cxd5 Ng4 38. Re2 Qf3 39. Qc6 Qxd5 40.
Qxd5+ Rxd5 41. e4 Rd6 42. f3 Nh6 43. Kf2 Rc8 44. d5 g5 45. Rb1 Nf7 46. Reb2 Rc4
47. Rxb6 Rxb6 48. Rxb6 Kg7 49. Ke3 Rxa4 50. d6 Ne5 51. Rb7+ Kg6 52. Ra7 Nc4+ 53.
Kd4 0-1

[Event "45th Olympiad 2024"]
[Site "Budapest HUN"]
[Date "2024.09.11"]
[Round "1.40"]
[Board "1"]
[White "Blomqvist, Erik"]
[Black "Ndahangwapo, Heskiel"]
[Result "1-0"]
[WhiteTitle "GM"]
[WhiteElo "2491"]
[BlackElo "2011"]
[WhiteTeam "Sweden"]
[BlackTeam "Namibia"]
[WhiteFideId "1709437"]
[BlackFideId "15202020"]
[EventDate "2024.09.11"]

1. e4 c5 2. Nf3 e6 3. d4 cxd4 4. Nxd4 a6 5. c4 Nf6 6. Nc3 Qc7 7. a3 Nc6 8. Be3
Ne5 9. Be2 h5 10. h3 Nxc4 11. Bxc4 Qxc4 12. Rc1 Qc7 13. Ncb5 Qb8 14. Nc7+ Kd8
15. O-O Ra7 16. Ndxe6+ fxe6 17. Nxe6+ Ke7 18. Nf4 Rh6 19. e5 Qxe5 20. Rxc8 Kf7
21. Qb3+ d5 22. Bxa7 Qxf4 23. Qxb7+ Kg8 24. Be3 1-0

[Event "45th Olympiad 2024"]
[Site "Budapest HUN"]
[Date "2024.09.11"]
[Round "1.40"]
[Board "2"]
[White "Eichab, Charles"]
[Black "Hillarp Persson, Tiger"]
[Result "0-1"]
[WhiteTitle "CM"]
[BlackTitle "GM"]
[WhiteElo "2013"]
[BlackElo "2457"]
[WhiteTeam "Namibia"]
[BlackTeam "Sweden"]
[WhiteFideId "15200051"]
[BlackFideId "1700812"]
[EventDate "2024.09.11"]

1. c4 e5 2. Nc3 Bb4 3. g3 Bxc3 4. bxc3 d6 5. Bg2 Nc6 6. d3 Nge7 7. Nf3 O-O 8.
O-O h6 9. Ne1 Be6 10. f4 Qd7 11. Nf3 Bh3 12. Bd2 Bxg2 13. Kxg2 Rae8 14. Rf2 Ng6
15. Qc1 f5 16. e3 e4 17. Ne1 exd3 18. Qb1 Na5 19. Qxd3 c5 20. Nc2 Re4 21. Na3
Ne7 22. Rd1 Qe6 23. Bc1 Rd8 24. h3 Kh7 25. Kf3 Nxc4 26. g4 fxg4+ 27. hxg4 Ne5+
28. Kxe4 Qg6+ 29. f5 Qxg4+ 0-1

[Event "45th Olympiad 2024"]
[Site "Budapest HUN"]
[Date "2024.09.11"]
[Round "1.40"]
[Board "3"]
[White "Lokander, Martin"]
[Black "Schwarz, Bernhard"]
[Result "1-0"]
[WhiteTitle "IM"]
[WhiteElo "2469"]
[BlackElo "1875"]
[WhiteTeam "Sweden"]
[BlackTeam "Namibia"]
[WhiteFideId "1709569"]
[BlackFideId "15201228"]
[EventDate "2024.09.11"]

1. d4 e6 2. e4 d5 3. Nc3 Nf6 4. e5 Ng8 5. a3 c5 6. dxc5 Bxc5 7. Qg4 Kf8 8. Nf3
Nc6 9. Bd3 Nge7 10. Na4 Bb6 11. Nxb6 Qxb6 12. O-O Ng6 13. Re1 Qc7 14. b4 Bd7 15.
b5 Nce7 16. a4 a6 17. Ba3 axb5 18. axb5 Qc3 19. Bb2 Qc8 20. Rxa8 Qxa8 21. h4 h5
22. Qb4 Kg8 23. Ra1 Qb8 24. Qd6 Qxd6 25. exd6 Nc8 26. Bxg6 fxg6 27. Ra8 Kf8 28.
Ne5 Ke8 29. Nxg6 Rg8 30. Ne7 Kf7 31. Nxg8 Kxg8 32. Rb8 Kf8 33. Rxb7 Ke8 34. Be5
g6 35. b6 Bc6 36. Rc7 Nxb6 37. Rxc6 1-0

[Event "45th Olympiad 2024"]
[Site "Budapest HUN"]
[Date "2024.09.11"]
[Round "1.40"]
[Board "4"]
[White "Khoa, Goodwill"]
[Black "Pantzar, Milton"]
[Result "0-1"]
[BlackTitle "IM"]
[WhiteElo "1890"]
[BlackElo "2437"]
[WhiteTeam "Namibia"]
[BlackTeam "Sweden"]
[WhiteFideId "15200264"]
[BlackFideId "1721003"]
[EventDate "2024.09.11"]

1. e4 e5 2. Nf3 Nc6 3. Bc4 Nf6 4. Nc3 Nxe4 5. Nxe5 Nxe5 6. Qe2 Nxc4 7. Nxe4 Be7
8. Nf6+ gxf6 9. Qxc4 d5 10. Qe2 Rg8 11. g3 Bh3 12. d4 Qd7 13. Be3 O-O-O 14.
O-O-O Rde8 15. a3 Bf8 16. Qd2 Bg2 17. Rhg1 Bf3 18. Rde1 Bd6 19. h4 Re6 20. Qc3
Rge8 21. Bd2 Rxe1+ 22. Rxe1 Rxe1+ 23. Bxe1 Qe6 24. b4 Qe2 25. Qd2 Qxd2+ 26. Kxd2
Be4 27. c3 Kd7 28. Ke3 Bb1 29. Kd2 Bf8 30. Ke3 Kc6 31. a4 Bc2 32. a5 Kb5 33. Kd2
Bg6 34. f4 Bf5 35. Bf2 b6 36. axb6 cxb6 37. Be1 Kc4 38. Bf2 a5 39. bxa5 bxa5 40.
Be1 a4 41. Kc1 Ba3+ 42. Kd1 Bb2 43. g4 Bxg4+ 44. Kc2 a3 0-1

[Event "45th Olympiad 2024"]
[Site "Budapest HUN"]
[Date "2024.09.11"]
[Round "1.41"]
[Board "1"]
[White "Giasi, Viresh"]
[Black "Nogerbek, Kazybek"]
[Result "0-1"]
[WhiteTitle "FM"]
[BlackTitle "GM"]
[WhiteElo "1998"]
[BlackElo "2519"]
[WhiteTeam "Suriname"]
[BlackTeam "Kazakhstan"]
[WhiteFideId "8200165"]
[BlackFideId "13710427"]
[EventDate "2024.09.11"]

1. d4 Nf6 2. c4 b6 3. Nc3 Bb7 4. f3 Nc6 5. e4 e5 6. Nge2 exd4 7. Nxd4 Nxd4 8.
Qxd4 Bc5 9. Qe5+ Be7 10. Bf4 d6 11. Qd4 O-O 12. O-O-O Nd7 13. Nd5 Bxd5 14. Qxd5
a5 15. e5 Bg5 16. g3 Nxe5 17. Bxg5 Qxg5+ 18. f4 Qh6 19. Qd2 Nd7 20. Bg2 Rad8 21.
Rde1 a4 22. Re3 Qh5 23. Qd4 Qa5 24. Rhe1 a3 25. b3 b5 26. Bc6 bxc4 27. Qxc4 Nf6
28. Qd4 Rb8 29. R1e2 Rb4 30. Qd2 Qb6 31. Rc3 h6 32. Qe1 Rb8 33. Qd2 Rd4 34. Qc2
d5 35. Qf5 Re4 36. Kd2 Qd4+ 0-1

[Event "45th Olympiad 2024"]
[Site "Budapest HUN"]
[Date "2024.09.11"]
[Round "1.41"]
[Board "2"]
[White "Suleymenov, Alisher"]
[Black "Yeung, Jason"]
[Result "1-0"]
[WhiteTitle "GM"]
[WhiteElo "2484"]
[BlackElo "1993"]
[WhiteTeam "Kazakhstan"]
[BlackTeam "Suriname"]
[WhiteFideId "13707833"]
[BlackFideId "8203970"]
[EventDate "2024.09.11"]

1. d4 d5 2. c4 c6 3. Nf3 Nf6 4. Nc3 dxc4 5. e4 b5 6. a4 b4 7. Na2 a5 8. e5 Nd5
9. Bxc4 e6 10. Bg5 Qb6 11. O-O h6 12. Bh4 Ba6 13. Rc1 Nd7 14. Re1 g5 15. Bg3 Be7
16. h3 Bxc4 17. Rxc4 c5 18. dxc5 Nxc5 19. Nd4 Rd8 20. Nc1 Qa6 21. Qc2 Nb6 22.
Rxc5 Rxd4 23. Rb5 O-O 24. Qc6 Bd8 25. Nb3 Rc4 26. Nc5 Qc8 27. Qxc8 Nxc8 28. Nd7
Re8 29. Nf6+ Kf8 30. Nxe8 Kxe8 31. f3 Rc2 32. Bf2 Ne7 33. Rb1 Nd5 34. Rc5 Rxf2
35. Kxf2 Bb6 36. Rc1 Nc3 37. bxc3 Bxc5+ 38. Ke2 Kd7 39. cxb4 Bxb4 40. Kd3 h5 41.
Ke4 h4 42. Rc2 Be7 43. f4 gxf4 44. Kxf4 Ke8 45. Kg4 Kd7 46. Rf2 Ke8 47. Kh5 Kf8
48. Rf4 Kg7 49. Rc4 1-0

[Event "45th Olympiad 2024"]
[Site "Budapest HUN"]
[Date "2024.09.11"]
[Round "1.41"]
[Board "3"]
[White "Kalidjo, Imaan"]
[Black "Zhalmakhanov, Ramazan"]
[Result "0-1"]
[BlackTitle "GM"]
[WhiteElo "1934"]
[BlackElo "2497"]
[WhiteTeam "Suriname"]
[BlackTeam "Kazakhstan"]
[WhiteFideId "8202478"]
[BlackFideId "13706357"]
[EventDate "2024.09.11"]

1. d4 Nf6 2. e3 d5 3. Bd3 Bg4 4. Nf3 c6 5. Nbd2 Nbd7 6. h3 Bh5 7. g4 Bg6 8. Qe2
e6 9. e4 dxe4 10. Nxe4 Nxe4 11. Bxe4 Nf6 12. Bd3 Qd5 13. Bd2 Bxd3 14. Qxd3 h5
15. g5 Ne4 16. c4 Qf5 17. Qe3 Nxd2 18. Nxd2 Bd6 19. h4 Bf4 20. Qe2 Bxd2+ 21.
Kxd2 O-O-O 22. Kc3 Qa5+ 23. Kc2 Rxd4 0-1

[Event "45th Olympiad 2024"]
[Site "Budapest HUN"]
[Date "2024.09.11"]
[Round "1.41"]
[Board "4"]
[White "Ansat, Aldiyar"]
[Black "Chashawa, Shaief"]
[Result "1-0"]
[WhiteTitle "IM"]
[WhiteElo "2457"]
[BlackElo "1825"]
[WhiteTeam "Kazakhstan"]
[BlackTeam "Suriname"]
[WhiteFideId "13715658"]
[BlackFideId "8201510"]
[EventDate "2024.09.11"]

1. e4 e5 2. Nf3 Nf6 3. d4 Nxe4 4. Bd3 Nc6 5. Nxe5 Nxe5 6. dxe5 d5 7. exd6 Nxd6
8. Qf3 Be6 9. Nc3 Be7 10. Bf4 c6 11. Qg3 g5 12. Be5 f6 13. O-O-O Qc7 14. Bg6+
hxg6 15. Bxd6 Qa5 16. Rhe1 Qf5 17. Bxe7 Kxe7 18. Qc7+ Kf8 19. Rd6 Qf4+ 20. Kb1
Rc8 21. Qxc8+ Bxc8 22. Rd8+ Kf7 23. Rxh8 Bf5 24. Rh7+ Kf8 25. Re2 Bg4 26. f3 Qd4
27. a3 Bf5 28. g4 1-0